| 000 | 00353nam a2200133Ia 4500 | ||
|---|---|---|---|
| 008 | 240624s9999 xx 000 0 und d | ||
| 041 | _aeng | ||
| 082 | _a650.122 KEA | ||
| 100 | _aKEATES NANCY | ||
| 245 | _aWALL STREET JOURNAL GUIDE TO THE BUSINES | ||
| 260 |
_c2005 _aNew York _bCrown Publishers |
||
| 300 | _axvi, : 460 : p. : cm. ; 25 | ||
| 365 |
_c _b20 |
||
| 999 |
_c9649 _d9649 |
||